000 00637nam a22001937a 4500
003 OSt
005 20260312061036.0
008 260312b |||||||| |||| 00| 0 eng d
020 _a978-971-0328-27-7.
040 _aDWCL Main lib
_cOC
082 _23rd ed.
_aGR 490.3 En57 2007
100 _aEncleare Foundation Inc.
245 _aThe new illustrated English-Filipino-dictionary 3rd ed.
_cEncleare Foundation Inc.
250 _a3rd ed.
260 _aManila :
_bISP International,
_cc2007.
300 _axi, various paging :
_bill. ;
_c28 cm.
650 _a1. Filipino language-Dictionaries-English.
942 _2ddc
_cGR
_e3rd ed.
_kGR.
_n0
999 _c9037
_d9037